书目信息 |
| 题名: |
景观设计基础与原理
|
|
| 作者: | 公伟 , 武慧兰 编著 | |
| 分册: | ||
| 出版信息: | 北京 中国水利水电出版社 2016.7 |
|
| 页数: | 265页 | |
| 开本: | 29cm | |
| 丛书名: | ||
| 单 册: | ||
| 中图分类: | TU983 | |
| 科图分类: | ||
| 主题词: | 景观设计--高等学校--教材 | |
| 电子资源: | ||
| ISBN: | 978-7-5170-4526-7 | |
| 000 | 01151nam0 2200265 450 | |
| 001 | 0400002253 | |
| 005 | 20171025160643.32 | |
| 010 | @a978-7-5170-4526-7@dCNY48.00 | |
| 100 | @a20160923e2016 em y0chiy50 ea | |
| 101 | 0 | @achi |
| 102 | @aCN@b110000 | |
| 105 | @aa z 000yy | |
| 106 | @ar | |
| 200 | 1 | @a景观设计基础与原理@9jing guan she ji ji chu yu yuan li@f公伟,武慧兰编著 |
| 205 | @a第2版 | |
| 210 | @a北京@c中国水利水电出版社@d2016.7 | |
| 215 | @a265页@c图@d29cm | |
| 300 | @a普通高等教育艺术设计类“十三五”规划教材 | |
| 330 | @a本书主要从初识景观、设计认知、专项设计、设计方法等几个方面介绍景观设计, 其中景观概述和景观发展历程两个单元以讲解景观设计的概念及其发展脉络为主;设计 影响因素和设计表达两个单元以讲解影响设计的诸多因素为重点:元素设计、空间设计 和照明设计三个单元将景观设计所要解决的具体内容进行分项阐述:设计程序与方法和 各种类型景观设计两个单元,详细讲解景观设计的方式、方法及各种不同类型景观的设 计特点。 | |
| 606 | 0 | @a景观设计@x高等学校@j教材 |
| 690 | @aTU983@v5 | |
| 701 | 0 | @a公伟@9gong wei@4编著 |
| 701 | 0 | @a武慧兰@9wu hui lan@4编著 |
| 801 | 0 | @aCN@b91MARC@c20171020 |
| 905 | @b1026661-5@dTU983@f5@e1060=2 | |
| 景观设计基础与原理/公伟,武慧兰编著.-第2版.-北京:中国水利水电出版社,2016.7 |
| 265页:图;29cm |
| 普通高等教育艺术设计类“十三五”规划教材 |
| ISBN 978-7-5170-4526-7:CNY48.00 |
| 本书主要从初识景观、设计认知、专项设计、设计方法等几个方面介绍景观设计, 其中景观概述和景观发展历程两个单元以讲解景观设计的概念及其发展脉络为主;设计 影响因素和设计表达两个单元以讲解影响设计的诸多因素为重点:元素设计、空间设计 和照明设计三个单元将景观设计所要解决的具体内容进行分项阐述:设计程序与方法和 各种类型景观设计两个单元,详细讲解景观设计的方式、方法及各种不同类型景观的设 计特点。 |
| ● |
| 相关链接 |
|
|
|
|
正题名:景观设计基础与原理
索取号:TU983/1060=2
 
预约/预借
| 序号 | 登录号 | 条形码 | 馆藏地/架位号 | 状态 | 备注 |
| 1 | 1026661 | 210266610 | 第二样本阅览室/ [索取号:TU983/1060=2] | 在馆 | |
| 2 | 1026662 | 210266629 | 密集书库-生命科学系/ [索取号:TU983/1060=2] | 在馆 | |
| 3 | 1026663 | 210266638 | 第三借阅区/ [索取号:TU983/1060=2] | 在馆 | |
| 4 | 1026664 | 210266647 | 第三借阅区/ [索取号:TU983/1060=2] | 在馆 | |
| 5 | 1026665 | 210266656 | 第三借阅区/ [索取号:TU983/1060=2] | 在馆 |